A History of India : (Record no. 187342)
[ view plain ]
| 000 -LEADER | |
|---|---|
| fixed length control field | 01197 a2200181 4500 |
| 003 - CONTROL NUMBER IDENTIFIER | |
| control field | Nust |
| 005 - DATE AND TIME OF LATEST TRANSACTION | |
| control field | 20230202114251.0 |
| 040 ## - CATALOGING SOURCE | |
| Transcribing agency | Nust |
| 082 ## - DEWEY DECIMAL CLASSIFICATION NUMBER | |
| Classification number | 954,DON |
| 100 ## - MAIN ENTRY--PERSONAL NAME | |
| Personal name | Dunbar, George |
| 9 (RLIN) | 108450 |
| 245 ## - TITLE STATEMENT | |
| Title | A History of India : |
| Remainder of title | From The Earliest Times to The Present Day / |
| Statement of responsibility, etc. | Sir George Dunbar |
| 250 ## - EDITION STATEMENT | |
| Edition statement | Vol.1 |
| 260 ## - PUBLICATION, DISTRIBUTION, ETC. | |
| Place of publication, distribution, etc. | London |
| Name of publisher, distributor, etc. | Nicholson and Watson |
| Linkage | 1943 |
| 300 ## - PHYSICAL DESCRIPTION | |
| Extent | 287:p |
| 505 ## - FORMATTED CONTENTS NOTE | |
| Formatted contents note | Ancient India (Page-1), The Maurya Empire (Page-35), Early Hindu India (Page-58), Pre Mogul Muhammad an Rule (Page-88), Pre Mogul India (Page-125), Mogul India (Page-163), Akbar (Page-177), Akbar Systems of Government (Page-198), The European Trading Companies (Page-212), Mogul India after Akbar (Page-233), Aurangzeb (Page-256), The Later Moguls and the Marathas (Page-289), French and ?English in the Carnatic (Page-310), The English in Bangal (Page-334), The Expansion of the East India Company (Page-364), Development of the British Connection (Page-406), British Supremacy (Page-454), Consolidation of British Rule (Page-479), India under the Crown Part I Canning to Ripon (Page-523), Progress towards Responsible Government (Page-590). |
| 650 ## - SUBJECT ADDED ENTRY--TOPICAL TERM | |
| Topical term or geographic name entry element | India |
| 9 (RLIN) | 25356 |
| 942 ## - ADDED ENTRY ELEMENTS (KOHA) | |
| Source of classification or shelving scheme | |
| Koha item type | Book |
| Withdrawn status | Lost status | Source of classification or shelving scheme | Damaged status | Not for loan | Permanent Location | Current Location | Shelving location | Date acquired | Shelving control number | Full call number | Barcode | Date last seen | Price effective from | Koha item type | Public note | Total Checkouts |
|---|---|---|---|---|---|---|---|---|---|---|---|---|---|---|---|---|
| Military College of Signals (MCS) | Military College of Signals (MCS) | General Stacks | 12/12/2016 | History | 954,DON | MCS29397 | 12/08/2016 | 12/12/2016 | Book | Almirah No.61, Shelf No.2 | ||||||
| Military College of Signals (MCS) | Military College of Signals (MCS) | General Stacks | 02/02/2023 | History | 954,DON | MCS29418 | 02/02/2023 | 02/02/2023 | Book | Almirah No.61, Shelf No.2 |
